Statistics for 日本の地方私鉄(昭和12年)

Click here to take the quiz!

General Stats

  • This quiz has been taken 22 times
  • The average score is 32 of 247

Answer Stats

社名晩年% Correct
名古屋鐵道現存
60%
西武鐵道1945年合併
53%
武藏野鐵道1945年改称
53%
東武鐵道現存
53%
相模鐵道現存
53%
夕張鐵道1974年休止・同年合併
・1975年廃止
47%
南海鐵道1944年合併
47%
定山溪鐵道1969年廃止
47%
山陽電氣鐵道現存
47%
京阪電氣鐵道1943年合併
47%
長野電鐵現存
47%
參宮急行電鐵1943年合併
47%
帝都電鐵1940年合併
47%
東京橫濱電鐵1939年合併
47%
目黑蒲田電鐵1939年改称
40%
島原鐵道現存
40%
近江鐵道現存
40%
小田原急行鐵道1941年改称
40%
弘南鐵道現存
40%
京濱電氣鐵道1942年合併
40%
南武鐵道1944年国有化
40%
湘南電氣鐵道1941年合併
40%
富山電氣鐵道1943年合併
40%
小湊鐵道現存
40%
琴平急行電鐵1944年休止・1948年合併
40%
鶴見臨港鐵道1943年国有化
40%
筑波鐵道1945年合併
40%
琴平電鐵1943年合併
40%
琴平參宮電鐵1963年廃止
40%
大阪電氣軌道1941年合併
33%
阪和電氣鐵道1940年合併
33%
津輕鐵道現存
33%
秩父鐵道現存
33%
一畑電氣鐵道現存
33%
湊鐵道1944年合併
33%
箱根登山鐵道2000年同名会社に承継
33%
成田鐵道1944年休止・1946年廃止
33%
大雄山鐵道1941年合併
33%
宮城電氣鐵道1944年国有化
33%
總武鐵道1944年合併
33%
西大寺鐵道1955年合併
33%
神中鐵道1943年合併
33%
北海道拓殖鐵道1968年廃止
33%
北海道鐵道1943年国有化
27%
東野鐵道1968年廃止
27%
三岐鐵道現存
27%
鳳來寺鐵道1943年国有化
27%
江若鐵道1969年廃止
27%
十和田鐵道1951年合併
27%
豐川鐵道1943年廃止
27%
五日市鐵道1944年国有化
27%
富士山麓電氣鐵道1960年改称
27%
東京地下鐵道1941年合併
27%
松本電氣鐵道2011年改称
27%
黑部鐵道1943年合併
20%
下津井鐵道1949年改称
20%
上信電氣鐵道1964年改称
20%
壽都鐵道1968年休止・1972年廃止
20%
駿豆鐵道1938年合併
20%
瀨戶電氣鐵道1939年合併
20%
富山縣營鐵道1943年合併
20%
中國鐵道1944年国有化
20%
奈良電氣鐵道1963年合併
20%
小坂鐵道1958年合併
20%
水戶電氣鐵道1936年休止・1938年廃止
20%
三河鐵道1941年合併
20%
伊那電氣鐵道1943年国有化
20%
蒲原鐵道1999年廃止
20%
大阪鐵道1929年合併
20%
野上電氣鐵道1994年廃止
20%
留萠鐵道1969年休止・1971年廃止
20%
有田鐵道2003年廃止
20%
靑梅電氣鐵道1944年国有化
20%
九十九里鐵道1961年廃止
13%
鞆鐵道1954年廃止
13%
雄勝鐵道1944年改称
13%
信貴生駒電鐵1964年合併
13%
多摩湖鐵道1940年合併
13%
志摩電氣鐵道1944年合併
13%
大井川鐵道2000年改称
13%
新潟電鐵1943年合併
13%
雄別炭鑛鐵道1959年譲渡
13%
淺野川電氣鐵道1945年合併
13%
常總鐵道1945年改称
13%
遠州電氣鐵道1943年合併
13%
富士身延鐵道1941年国有化
13%
常北電氣鐵道1944年合併
13%
雲仙鐵道1938年廃止
13%
茨城鐵道1944年合併
13%
大和鐵道1961年合併
13%
三信鐵道1943年国有化
13%
越生鐵道1943年合併
13%
博多灣鐵道汽船1942年合併
13%
鹿島參宮鐵道1965年合併
13%
東美鐵道1943年合併
13%
頸城鐵道1944年改称
13%
加悅鐵道1985年廃止
13%
流山鐵道1951年改称
13%
水閒鐵道現存
13%
十勝鐵道1977年廃止
13%
南薩鐵道1964年合併
13%
高野山電氣鐵道1947年改称
13%
仙臺鐵道1960年廃止
13%
銚子鐵道1948年改称
13%
武州鐵道1938年廃止
7%
知多鐵道1943年合併
7%
船木鐵道1961年廃止
7%
伊豫鐵道電氣1942年分離
7%
廣島瓦斯電軌1942年分離
7%
渥美電鐵1940年合併
7%
藤相鐵道1943年合併
7%
高尾登山鐵道1952年合併
7%
谷汲鐵道1944年合併
7%
筑波山鋼索鐵道1999年改称
7%
養老電鐵1940年合併
7%
美唄鐵道1950年吸収
7%
竹鼻鐵道1943年合併
7%
福武電氣鐵道1945年合併
7%
中遠鐵道1943年合併
7%
井笠鐵道1971年廃止
7%
淡路鐵道1943年改称
7%
安濃鐵道1944年休止・1972年廃止
7%
常南電氣鐵道1938年廃止
7%
熊延鐵道1964年廃止
7%
上田溫泉電軌1939年改称
7%
京都電燈1942年譲渡
7%
北見鐵道1939年廃止
7%
北惠那鐵道1978年廃止
7%
神戶有馬電氣鐵道1947年改称
7%
釜石鑛山1940年譲渡
7%
片上鐵道1950年合併
7%
五戶鐵道1945年改称
7%
御坊臨港鐵道1973年譲渡
7%
河西鐵道1946年合併
7%
松阪電氣鐵道1944年合併
7%
溫泉電軌1943年合併
7%
南總鐵道1939年廃止
7%
小野田鐵道1943年国有化
7%
尾小屋鐵道1977年廃止
7%
能美電氣鐵道1939年譲渡
7%
西濃鐵道現存
7%
山陽電氣軌道1971年廃止
7%
大山鋼索鐵道1944年廃止
7%
信貴山急行電鐵1944年合併
7%
下野電氣鐵道1943年合併
7%
釧路臨港鐵道1979年合併
7%
沖繩縣營鐵道1945年廃止
7%
永平寺鐵道1944年合併
7%
耶馬溪鐵道1945年合併
7%
宇部鐵道1943年国有化
7%
碧海電氣鐵道1944年合併
7%
箸藏登山鐵道1944年廃止
0%
白山電氣鐵道1937年改称
0%
白棚鐵道1941年国有化
0%
播丹鐵道1943年国有化
0%
濱松鐵道1947年合併
0%
花卷溫泉電氣鐵道1941年合併
0%
伯陽電鐵1944年合併
0%
赤穗鐵道1951年廃止
0%
比叡山鐵道現存
0%
三木電氣鐵道1947年合併
0%
六甲越有馬鐵道1975年改称
0%
龍崎鐵道1944年合併
0%
八日市鐵道1944年合併
0%
屋島登山鐵道2005年廃止
0%
八栗登山鐵道1960年廃止
0%
門司築港1960年廃止
0%
妙見鋼索鐵道1944年廃止
0%
宮崎鐵道1962年廃止
0%
御嶽登山鐵道1947年改称
0%
三國芦原電鐵1942年合併
0%
三重鐵道1944年合併
0%
廣瀨鐵道1944年合併
0%
丸子鐵道1940年譲渡
0%
丸岡鐵道1944年合併
0%
摩耶鋼索鐵道1975年合併
0%
北勢電氣鐵道1944年合併
0%
防石鐵道1964年廃止
0%
豐州鐵道1945年合併
0%
別府輕便鐵道1946年改称
0%
別府遊園鋼索鐵道1944年廃止
0%
富南鐵道1941年譲渡
0%
富岩鐵道1941年譲渡
0%
北丹鐵道1971年休止・1974年廃止
0%
善光寺白馬電鐵1969年廃止
0%
能登鐵道1943年合併
0%
男山鐵道1944年廃止
0%
國東鐵道1945年合併
0%
口之津鐵道1943年合併
0%
草津電氣鐵道1939年改称
0%
金名鐵道1943年合併
0%
九州肥筑鐵道1938年廃止
0%
鹿本鐵道1952年改称
0%
金澤電氣軌道1941年合併
0%
加太電氣鐵道1942年合併
0%
笠原鐵道1944年合併
0%
加越鐵道1943年合併
0%
尾花澤鐵道1943年合併
0%
尾道鐵道1964年廃止
0%
渡島海岸鐵道1945年国有化
0%
高知鐵道1941年改称
0%
大川鐵道1937年合併
0%
橫莊鐵道1943年合併
0%
越中鐵道1943年合併
0%
宇部電氣鐵道1941年合併
0%
宇佐參宮鐵道1945年合併
0%
岩鼻輕便鐵道1945年廃止
0%
膽振鐵道1941年合併
0%
出石鐵道1944年休止・1970年廃止
0%
池田鐵道1938年廃止
0%
伊香保ケーブル鐵道1966年休止・1966年廃止
0%
飯山鐵道1944年国有化
0%
天橋立鋼索鐵道1944年廃止
0%
愛宕山鐵道1944年廃止
0%
鞍馬電氣鐵道1942年合併
0%
小倉鐵道1943年国有化
0%
日光登山鐵道1945年合併
0%
田口鐵道1956年合併
0%
新潟臨港1940年改称
0%
南和電氣鐵道1944年合併
0%
南越鐵道1941年合併
0%
長門鐵道1942年合併
0%
長岡鐵道1960年改称
0%
栃尾鐵道1956年改称
0%
洞爺湖電氣鐵道1941年廃止
0%
東邦電力1939年譲渡
0%
中勢鐵道1943年廃止
0%
中國稻荷山鋼索鐵道1944年廃止
0%
筑豐鑛業鐵道1954年廃止
0%
筑前參宮鐵道1942年合併
0%
駄知鐵道1972年休止・同年廃止
0%
高畠鐵道1943年合併
0%
坂川鐵道1944年廃止
0%
大社宮島鐵道1938年合併
0%
仙北鐵道1968年廃止
0%
鯖浦電氣鐵道1945年合併
0%
西遠鐵道1937年廃止
0%
住友別子鑛山1937年合併
0%
神高鐵道1940年譲渡
0%
庄內電鐵1943年合併
0%
四國水力電氣1942年譲渡
0%
鹽江溫泉鐵道1938年合併
0%
三山電氣鐵道1943年改称
0%
產業セメント鐵道1943年国有化
0%
薩南中央鐵道1943年合併
0%
篠山鐵道1944年廃止
0%
和歌山鐵道1957年改称
0%

Score Distribution

Percentile by Number Answered

Percent of People with Each Score

Your Score History

You have not taken this quiz